000 00752cab a2200253 4500
001 WB3123-40
008 090401t1995 xxu||||| |||| 00| 0 eng d
035 _a(Sirsi) u3173
041 _aeng
245 _aCommunicating with clients
260 _c1995
350 _a0
490 _aProperty Week
_v51(11) 15 June 1995, 10(1)
520 _aJLW has found that surveyors do not maintain sufficient contact with their clients during the course of an instruction.
650 _aCLIENTS
650 _aINSTRUCTIONS
650 _aNEGLIGENCE
650 _aQUALITY MANAGEMENT
650 _aSURVEYING FIRMS
650 _aWRITTEN INSTRUCTIONS
690 _aMANAGEMENT-BUSINESS MANAGEMENT-PROFESSIONAL PRACTICE
942 _n0
948 _c04/03/1997
999 _c1932
_d1932